| 000 | 00349 a2200133 4500 | ||
|---|---|---|---|
| 005 | 20250519100829.0 | ||
| 020 | _a0-07-084445-3 | ||
| 082 | _a658. 451 MAR | ||
| 100 | _aMARGERISON, C. J. | ||
| 245 | _aManagerial Problem Solving | ||
| 260 |
_aNew York, _bMcGraw-Hill, _c1974. |
||
| 300 |
_a166p.: ill.; figure, table. _bIndex. _c24cm. |
||
| 942 |
_2ddc _cBKS |
||
| 999 |
_c2431 _d2431 |
||